Green Day - Insomniac (Tracks) - Statistics

General Stats
  • This quiz has been taken 30 times
  • The average score is 10 of 14
Answer Stats
Track Number Track Name % Correct
10 Brain Stew
96%
2 Brat
85%
11 Jaded
85%
1 Armatage Shanks
77%
7 86
73%
14 Walking Contradiction
73%
4 Geek Stink Breath
69%
8 Panic Song
69%
12 Westbound Sign
65%
6 Bab's Uvula Who?
62%
9 Stuart and the Ave.
62%
3 Stuck with Me
62%
5 No Pride
54%
13 Tight Wad Hill
50%
No matching quizzes found
Score Distribution
Percent of People with Each Score
Percentile by Number Answered
Your Score History
You have not taken this quiz